[Event "2.Nord-West-Cup"]
[Site "?"]
[Date "2000.02.12"]
[Round "4"]
[White "Carstens, Manfred"]
[Black "Schenk, Uwe"]
[Result "0-1"]
[WhiteElo "1690"]
[BlackElo "2147"]
[PlyCount "72"]

1. Nf3 Nf6 2. d4 g6 3. c4 Bg7 4. Nc3 O-O 5. e4 d6 6. Be2 e5 7. d5 a5 8. O-O Na6
9. a3 Nc5 10. Qc2 a4 11. Be3 Nfd7 12. Nd2 f5 13. f3 f4 14. Bf2 g5 15. b4 axb3
16. Nxb3 b6 17. Nxc5 Nxc5 18. Bxc5 bxc5 19. a4 h5 20. Kf2 g4 21. Ke1 Qh4+ 22.
Kd2 Qxh2 23. Rh1 Qxg2 24. Rag1 Qf2 25. Nd1 Qd4+ 26. Qd3 Rxa4 27. Qxd4 cxd4 28.
Rxh5 g3 29. Nb2 Ra3 30. c5 Ba6 31. cxd6 cxd6 32. Bxa6 Rxa6 33. Nc4 Rb8 34. Kd3
Rb3+ 35. Ke2 Ra2+ 36. Nd2 d3+ 0-1

[Event "2.Nord-West-Cup"]
[Site "?"]
[Date "2000.02.13"]
[Round "7"]
[White "Carstens, Manfred"]
[Black "van Hove, Ode"]
[Result "1-0"]
[WhiteElo "1690"]
[BlackElo "1387"]
[PlyCount "72"]

1. Nf3 Nf6 2. c4 e6 3. d4 d5 4. Nc3 Be7 5. e3 O-O 6. Be2 c6 7. O-O Nbd7 8. Ne5
Qc7 9. f4 Ne8 10. Bd2 Ndf6 11. c5 Nd7 12. g4 f6 13. Nxd7 Bxd7 14. f5 Qc8 15.
Bd3 exf5 16. gxf5 b6 17. b4 Bd8 18. Rc1 Nc7 19. Qh5 h6 20. Rf3 Be8 21. Qh4 Qd7
22. Kh1 Rc8 23. Rg1 Na8 24. Rh3 h5 25. Rg6 Kf7 26. Qxh5 Rg8 27. Rhg3 Kf8 28.
Ne2 Bxg6 29. fxg6 Bc7 30. Bf5 Qd8 31. Rh3 Rb8 32. Nf4 Bxf4 33. exf4 Nc7 34. Re3
bxc5 35. bxc5 Rb5 36. a4 Rb1+ 1-0

[Event "2.Nord-West-Cup"]
[Site "?"]
[Date "2000.02.10"]
[Round "1"]
[White "Dgebuadse, Alexandre"]
[Black "Kolthoff, Siegmund"]
[Result "1-0"]
[WhiteElo "2540"]
[BlackElo "2036"]
[PlyCount "56"]

1. e4 e6 2. Qe2 c5 3. Nf3 Nc6 4. g3 g6 5. Bg2 Bg7 6. c3 Nge7 7. d3 d6 8. Na3
O-O 9. Nc2 Rb8 10. Be3 b6 11. h4 Ba6 12. h5 d5 13. hxg6 hxg6 14. Ng5 Ne5 15.
O-O-O dxe4 16. Bxe4 Nf5 17. f4 Nd7 18. g4 Nd6 19. Rh3 Nxe4 20. Nxe4 Bb7 21. Qf2
Bxe4 22. dxe4 f6 23. f5 exf5 24. exf5 Qe7 25. fxg6 Ne5 26. Rdh1 Nxg6 27. Bh6
Rbe8 28. Bxg7 Qxg7 1-0

[Event "2.Nord-West-Cup"]
[Site "?"]
[Date "2000.02.11"]
[Round "3"]
[White "Dgebuadze, Alexandre"]
[Black "Sawatzki, Frank"]
[Result "1/2-1/2"]
[WhiteElo "2540"]
[BlackElo "2270"]
[PlyCount "62"]

1. e4 c5 2. Nf3 Nc6 3. d4 cxd4 4. Nxd4 Nf6 5. Nc3 e5 6. Ndb5 d6 7. Bg5 a6 8.
Bxf6 gxf6 9. Na3 b5 10. Nd5 Bg7 11. c3 f5 12. exf5 Bxf5 13. Nc2 Be6 14. a4 bxa4
15. Rxa4 O-O 16. Nce3 f5 17. Bc4 Kh8 18. Qh5 Bf7 19. Qh3 f4 20. Ng4 Qg5 21. Nc7
Ra7 22. Ne6 Bxe6 23. Bxe6 Qg6 24. Bb3 Rb7 25. Bd1 Rxb2 26. O-O e4 27. Rxa6 Ne7
28. c4 Bd4 29. c5 Bxc5 30. Ne5 Qf5 31. Qxf5 Rxf5 1/2-1/2

[Event "2.Nord-West-Cup"]
[Site "?"]
[Date "2000.02.12"]
[Round "5"]
[White "Dgebuadze, Alexandre"]
[Black "Lamprecht, Mark"]
[Result "1-0"]
[WhiteElo "2540"]
[BlackElo "2140"]
[PlyCount "63"]

1. e4 c6 2. Nf3 d5 3. Nc3 Bg4 4. h3 Bxf3 5. Qxf3 e6 6. d3 Nf6 7. g4 Nbd7 8. g5
dxe4 9. dxe4 Ne5 10. Qg3 Nfd7 11. f4 Ng6 12. h4 Bb4 13. h5 Ne7 14. Bd2 Qc7 15.
O-O-O O-O-O 16. Bh3 Kb8 17. a3 Ba5 18. Qh4 Nc8 19. Qf2 Nd6 20. Qe2 b5 21. b3 a6
22. g6 hxg6 23. hxg6 f5 24. Bg2 Bxc3 25. Bxc3 Nxe4 26. Bxe4 fxe4 27. Rxh8 Rxh8
28. Qxe4 Nf6 29. Qxe6 Qxf4+ 30. Kb2 Qe4 31. Qxe4 Nxe4 32. Bxg7 1-0

[Event "2.Nord-West-Cup"]
[Site "?"]
[Date "2000.02.11"]
[Round "3"]
[White "Eden, Wilke"]
[Black "Fischer, Steffen"]
[Result "1-0"]
[WhiteElo "1616"]
[BlackElo "1254"]
[PlyCount "51"]

1. e4 e5 2. Nf3 Nc6 3. Bc4 Bc5 4. Nc3 Nf6 5. d3 d6 6. Bg5 Na5 7. Bb3 Nxb3 8.
axb3 c6 9. h3 a6 10. O-O h6 11. Bh4 g5 12. Bg3 Be6 13. d4 exd4 14. Nxd4 Qd7 15.
e5 Nd5 16. Nxe6 fxe6 17. Ne4 O-O-O 18. c4 Nf4 19. Qd2 Rhf8 20. b4 d5 21. Nxc5
Qf7 22. cxd5 Rxd5 23. Qe3 Rd4 24. Bxf4 Rxf4 25. Nd3 Rf5 26. b5 1-0

[Event "2.Nord-West-Cup"]
[Site "?"]
[Date "2000.02.12"]
[Round "4"]
[White "Eden, Wilke"]
[Black "Judas, Sven"]
[Result "0-1"]
[WhiteElo "1616"]
[BlackElo "2076"]
[PlyCount "42"]

1. e4 c5 2. Nf3 Nc6 3. d4 cxd4 4. Nxd4 e5 5. Nb5 a6 6. N5a3 Nf6 7. Bg5 Qa5+ 8.
Qd2 Nxe4 9. Qxa5 Nxa5 10. Be3 d5 11. Bb6 Nc6 12. Bd3 Nc5 13. Bxc5 Bxc5 14. O-O
Be6 15. c4 dxc4 16. Nxc4 e4 17. Be2 Nd4 18. Nc3 Nxe2+ 19. Nxe2 Bxc4 20. Rfc1
Bxe2 21. Rxc5 O-O 0-1

[Event "2.Nord-West-Cup"]
[Site "?"]
[Date "2000.02.13"]
[Round "6"]
[White "Eden, Wilke"]
[Black "Reimer, Karl"]
[Result "1-0"]
[WhiteElo "1616"]
[BlackElo "1586"]
[PlyCount "49"]

1. e4 c5 2. Nf3 d6 3. d4 cxd4 4. Nxd4 Nf6 5. Nc3 g6 6. Be2 Bg7 7. Be3 O-O 8.
O-O Nc6 9. Nb3 Ne5 10. h3 Bd7 11. f4 Nc6 12. Kh1 a6 13. Qd2 Rc8 14. f5 Ne5 15.
fxg6 fxg6 16. Bd4 Nc4 17. Bxc4+ Rxc4 18. Bxf6 Rxc3 19. Bxc3 Bc6 20. Bxg7 Kxg7
21. Nd4 Bd7 22. Rxf8 Qxf8 23. Kg1 Qd8 24. Rf1 Qb6 25. Qf2 1-0

[Event "2.Nord-West-Cup"]
[Site "?"]
[Date "2000.02.11"]
[Round "2"]
[White "Eickhoff, Hermann"]
[Black "Meins, Gerlef"]
[Result "0-1"]
[WhiteElo "2159"]
[BlackElo "2421"]
[PlyCount "66"]

1. e4 c5 2. c4 Nc6 3. Nc3 e6 4. Nf3 Nf6 5. d4 cxd4 6. Nxd4 Bb4 7. Nxc6 bxc6 8.
Bd3 O-O 9. O-O e5 10. f4 d6 11. f5 d5 12. Bg5 Bxc3 13. bxc3 dxe4 14. Bxf6 Qxf6
15. Bxe4 Rb8 16. Qf3 Ba6 17. Bxc6 Bxc4 18. Rfd1 Rb2 19. Rd7 Rfb8 20. h3 a6 21.
Bd5 Bxd5 22. Qxd5 g6 23. Rf1 Rb1 24. Rxb1 Rxb1+ 25. Kh2 Qxf5 26. Qd2 h5 27. Ra7
Kg7 28. Rxa6 Qf1 29. Ra4 Rd1 30. Qe3 Re1 31. Qg5 Qg1+ 32. Kg3 Re3+ 33. Kh4 Qe1+
0-1

[Event "2.Nord-West-Cup"]
[Site "?"]
[Date "2000.02.12"]
[Round "4"]
[White "Eickhoff, Hermann"]
[Black "Boehme, Arne"]
[Result "1/2-1/2"]
[WhiteElo "2159"]
[BlackElo "1783"]
[PlyCount "96"]

1. e4 e5 2. Nf3 Nc6 3. Bc4 Bc5 4. O-O Nf6 5. d3 d6 6. h3 Na5 7. Bb3 Nxb3 8.
axb3 O-O 9. Nc3 c6 10. Na4 Bb4 11. Bg5 b5 12. Nc3 Bc5 13. Ne2 h6 14. Be3 Bxe3
15. fxe3 Qb6 16. Qd2 Be6 17. Kh2 Nd7 18. Ng3 d5 19. exd5 cxd5 20. e4 dxe4 21.
dxe4 Rfd8 22. Nh4 Nf8 23. Qe2 g6 24. Rf2 Rd7 25. Raf1 Rad8 26. Nf3 Qb8 27. Qe3
Kg7 28. Qc5 f6 29. Nh4 Nh7 30. Nf3 Rc7 31. Qb4 Rcd7 32. h4 h5 33. Qc5 Rc7 34.
Qe3 a6 35. Ne1 Qc8 36. Rd2 Rxd2 37. Qxd2 Bf7 38. Qe2 Be6 39. Rf2 Bg4 40. Qd2
Be6 41. Nd3 Bf7 42. Qd1 a5 43. Rd2 Rd7 44. Nf2 Nf8 45. Nf1 Rxd2 46. Qxd2 b4 47.
Ne3 Ne6 48. Nd3 Nd4 1/2-1/2

[Event "2.Nord-West-Cup"]
[Site "?"]
[Date "2000.02.13"]
[Round "6"]
[White "Eickhoff, Hermann"]
[Black "Meyner, Hannes"]
[Result "1/2-1/2"]
[WhiteElo "2159"]
[BlackElo "1969"]
[PlyCount "39"]

1. e4 c6 2. d4 d5 3. Nc3 dxe4 4. Nxe4 Bf5 5. Ng3 Bg6 6. Nf3 Nd7 7. Bd3 Bxd3 8.
Qxd3 Qc7 9. O-O e6 10. Be3 Ngf6 11. c4 Be7 12. Rac1 O-O 13. Rfd1 Rfd8 14. Qe2
Nf8 15. Ne5 Ng6 16. Nxg6 hxg6 17. a3 b6 18. Qf3 Rac8 19. Ne4 Nxe4 20. Qxe4
1/2-1/2

[Event "2.Nord-West-Cup"]
[Site "?"]
[Date "2000.02.10"]
[Round "1"]
[White "Elbern, Thomas"]
[Black "Lingnau, Carsten"]
[Result "0-1"]
[WhiteElo "1927"]
[BlackElo "2366"]
[PlyCount "70"]

1. e4 e5 2. Nf3 Nc6 3. Bb5 a6 4. Ba4 Nf6 5. O-O Be7 6. Re1 b5 7. Bb3 d6 8. c3
O-O 9. h3 Bb7 10. d3 Na5 11. Bc2 c5 12. Nbd2 Re8 13. Nf1 h6 14. Bd2 Bf8 15. Ng3
Nc6 16. Nf5 d5 17. g4 c4 18. g5 hxg5 19. Bxg5 cxd3 20. Bxd3 dxe4 21. Rxe4 g6
22. N3h4 Na5 23. Rg4 e4 24. Bxf6 Qxf6 25. Bc2 Kh7 26. Ng3 Rad8 27. Qe2 Nc4 28.
Rd1 Rxd1+ 29. Qxd1 e3 30. f4 e2 31. Nxe2 Bc5+ 32. Nd4 Bxd4+ 33. cxd4 Ne3 34.
Rxg6 fxg6 35. Qh5+ Kg7 0-1

[Event "2.Nord-West-Cup"]
[Site "?"]
[Date "2000.02.11"]
[Round "3"]
[White "Elbern, Thomas"]
[Black "Eickhoff, Hermann"]
[Result "1/2-1/2"]
[WhiteElo "1927"]
[BlackElo "2159"]
[PlyCount "67"]

1. e4 c5 2. Nf3 d6 3. d4 cxd4 4. Nxd4 Nf6 5. Nc3 a6 6. Bg5 e6 7. f4 Qa5 8. Nb3
Qc7 9. Bd3 Nbd7 10. O-O Be7 11. Qf3 h6 12. Bh4 O-O 13. Rae1 Re8 14. Kh1 b5 15.
a3 Bb7 16. Qh3 Nh7 17. Bg3 Bf6 18. e5 dxe5 19. Bxh7+ Kxh7 20. fxe5 Bxe5 21.
Rxf7 Bxg3 22. Qxg3 Qxg3 23. hxg3 Rad8 24. Rd1 Bc8 25. Re1 Kg6 26. Rf3 Nf6 27.
Kg1 e5 28. Rd3 Rxd3 29. cxd3 Bf5 30. Nc5 Bc8 31. N3e4 Rd8 32. b4 Nxe4 33. dxe4
Rd6 34. Re3 1/2-1/2

[Event "2.Nord-West-Cup"]
[Site "?"]
[Date "2000.02.11"]
[Round "2"]
[White "Erdogan, Ugur"]
[Black "Wittje, Bertholt"]
[Result "0-1"]
[WhiteElo "2100"]
[BlackElo "2221"]
[PlyCount "74"]

1. d4 Nf6 2. Bg5 e6 3. Nd2 c5 4. e3 d5 5. Ngf3 Nbd7 6. c4 cxd4 7. exd4 Be7 8.
Bd3 O-O 9. O-O b6 10. b3 Bb7 11. Qe2 Rc8 12. Rad1 Qc7 13. Rfe1 Rfe8 14. h3 Bb4
15. Ne5 Nxe5 16. dxe5 Ne4 17. Bxe4 dxe4 18. Bf4 f5 19. Qh5 Red8 20. Nf1 Bxe1
21. Rxe1 b5 22. cxb5 Qa5 23. Qe2 Rd3 24. Ne3 Rd2 25. Qh5 Qxa2 26. Kh2 Rdd8 27.
Nc4 Qxf2 28. Bg3 Qc2 29. Nd6 Rc7 30. Qg5 Rf8 31. Re3 Qd2 32. Bf4 h6 33. Qg6 Bd5
34. h4 Qf2 35. Bxh6 f4 36. Rh3 e3 37. Ne8 Qxg2+ 0-1

[Event "2.Nord-West-Cup"]
[Site "?"]
[Date "2000.02.12"]
[Round "4"]
[White "Erdogan, Ugur"]
[Black "Schmidt, Harald"]
[Result "1-0"]
[WhiteElo "2100"]
[BlackElo "2215"]
[PlyCount "27"]

1. d4 d5 2. Bg5 c5 3. dxc5 Qa5+ 4. Nd2 h6 5. Bf4 Nc6 6. c3 Qxc5 7. Nb3 Qb6 8.
Qxd5 Nf6 9. Qc4 e5 10. Be3 Qc7 11. f3 Be6 12. Qd3 Bd6 13. Rd1 e4 14. Qxd6 1-0

[Event "2.Nord-West-Cup"]
[Site "?"]
[Date "2000.02.13"]
[Round "6"]
[White "Erdogan, Ugur"]
[Black "Broehl, Stefan"]
[Result "0-1"]
[WhiteElo "2100"]
[BlackElo "2197"]
[PlyCount "102"]

1. d4 d5 2. Bg5 h6 3. Bh4 c6 4. e3 Qb6 5. Qc1 e5 6. Nf3 exd4 7. exd4 Be7 8. Bg3
Nf6 9. Bd3 O-O 10. O-O Ne4 11. c3 Bf5 12. Bxe4 Bxe4 13. Nbd2 f5 14. Bxb8 Raxb8
15. Ne5 Bd6 16. f3 Bxe5 17. fxe4 fxe4 18. Nb3 Bd6 19. Qe3 Qc7 20. Qh3 Qe7 21.
Qg4 Rxf1+ 22. Rxf1 Rf8 23. Rxf8+ Qxf8 24. Nd2 Qf4 25. Qxf4 Bxf4 26. Nb3 b6 27.
g3 Be3+ 28. Kf1 h5 29. Ke2 Bg5 30. Kd1 Kf7 31. Na1 Ke6 32. Nc2 a5 33. Ke2 Kf5
34. Kf2 b5 35. Na1 h4 36. Nb3 hxg3+ 37. hxg3 Bd8 38. Nc5 Bc7 39. Kg2 a4 40. b3
axb3 41. axb3 Bd6 42. Nb7 Ke6 43. b4 Be7 44. Kf2 Bg5 45. Ke2 Bc1 46. Kd1 Bg5
47. Ke2 g6 48. g4 Bf4 49. Kd1 Bc7 50. Ke2 Bb6 51. Ke3 Kd7 0-1

[Event "2.Nord-West-Cup"]
[Site "?"]
[Date "2000.02.11"]
[Round "2"]
[White "Fehsenfeld, Frithjof"]
[Black "Mader, Sascha"]
[Result "0-1"]
[WhiteElo "1584"]
[BlackElo "1959"]
[PlyCount "72"]

1. d4 Na6 2. e4 c6 3. Nf3 g6 4. c4 Bg7 5. Be3 Nf6 6. Nc3 d6 7. a3 O-O 8. h3 c5
9. d5 Nd7 10. Qc2 Ne5 11. Nxe5 Bxe5 12. f4 Bg7 13. O-O-O Rb8 14. Bd3 Bd7 15. h4
Bg4 16. Rdf1 Qa5 17. Bd2 Nb4 18. axb4 cxb4 19. Qa4 Qc5 20. Nb1 b5 21. Qc2 b3
22. Qxb3 bxc4 23. Qxc4 Bxb2+ 24. Kc2 Qb6 25. Nc3 Rfc8 26. Qxc8+ Bxc8 27. Bc4
Qd4 28. Bb3 Qb4 29. Kxb2 Qxb3+ 30. Kc1 Ba6 31. Rf2 Qb2+ 32. Kd1 Qa1+ 33. Bc1
Qxc3 34. Rh3 Qd4+ 35. Rd2 Qg1+ 36. Kc2 Rc8+ 0-1

[Event "2.Nord-West-Cup"]
[Site "?"]
[Date "2000.02.11"]
[Round "3"]
[White "Fehsenfeld, Frithjof"]
[Black "Haase, Sven"]
[Result "1-0"]
[WhiteElo "1584"]
[BlackElo "1736"]
[PlyCount "69"]

1. d4 Nf6 2. c4 e5 3. dxe5 Ng4 4. Nf3 Nc6 5. Bf4 Bb4+ 6. Nbd2 Qe7 7. e3 Ngxe5
8. Nxe5 Nxe5 9. Be2 O-O 10. O-O d6 11. Nf3 Ng6 12. Bg3 Bc5 13. Qc2 Bd7 14. a3
a5 15. Rfe1 Bc6 16. Nd4 Be4 17. Qc3 a4 18. Rad1 Ne5 19. Bf1 h5 20. f3 Bc6 21.
Bf2 Kh8 22. Qc2 g5 23. Qc3 f6 24. f4 Nf7 25. Be2 g4 26. Bd3 Rg8 27. Bh4 Bxd4
28. exd4 Qd8 29. d5 Kg7 30. dxc6 bxc6 31. Re6 Kf8 32. Bxf6 Qd7 33. Rde1 Rb8 34.
Bh7 Rb3 35. Qa5 1-0

[Event "2.Nord-West-Cup"]
[Site "?"]
[Date "2000.02.12"]
[Round "5"]
[White "Fehsenfeld, Frithjof"]
[Black "Kumeth, Hartmut"]
[Result "1/2-1/2"]
[WhiteElo "1584"]
[BlackElo "1739"]
[PlyCount "76"]

1. d4 Nf6 2. c4 c5 3. Nf3 e6 4. Bg5 cxd4 5. Bxf6 Qxf6 6. Nxd4 Bc5 7. e3 O-O 8.
Nc3 Bxd4 9. exd4 Nc6 10. d5 exd5 11. cxd5 Re8+ 12. Be2 Nd4 13. Qd2 d6 14. O-O
Nxe2+ 15. Nxe2 Bd7 16. Rfe1 Re7 17. Nc3 Rae8 18. Rxe7 Qxe7 19. Kf1 Bf5 20. f3
a6 21. Re1 Bd3+ 22. Ne2 Bxe2+ 23. Rxe2 Qxe2+ 24. Qxe2 Rxe2 25. Kxe2 Kf8 26. Kd3
Ke7 27. a4 b6 28. Ke4 Kf6 29. f4 h6 30. h3 g6 31. h4 Kg7 32. h5 Kf6 33. g3 Kg7
34. g4 Kh7 35. a5 b5 36. Kf3 Kg7 37. Kg3 gxh5 38. gxh5 f5 1/2-1/2

[Event "2.Nord-West-Cup"]
[Site "?"]
[Date "2000.02.13"]
[Round "7"]
[White "Fehsenfeld, Frithjof"]
[Black "Park, Heiko"]
[Result "0-1"]
[WhiteElo "1584"]
[BlackElo "2022"]
[PlyCount "72"]

1. d4 f5 2. c4 g6 3. Nc3 Bg7 4. Nf3 Nf6 5. Bf4 d6 6. e3 O-O 7. Be2 c6 8. O-O
Nh5 9. Bg5 Qe8 10. Qd2 h6 11. Bh4 e5 12. h3 g5 13. Bg3 e4 14. Ne1 Nxg3 15. fxg3
h5 16. Nc2 Bh6 17. d5 c5 18. Nb5 Qe7 19. Bxh5 a6 20. Nc3 g4 21. hxg4 Qg5 22.
Nxe4 fxe4 23. Rxf8+ Bxf8 24. Qf2 Qe7 25. Rf1 Nd7 26. Qf4 Nb6 27. g5 Bd7 28.
Bf7+ Kg7 29. g6 Nxc4 30. b3 Ne5 31. Qxe4 Be8 32. Qf5 Bxf7 33. gxf7 Qxf7 34. Qh3
Qxd5 35. Qh5 Qe4 36. Rf2 Be7 0-1

[Event "2.Nord-West-Cup"]
[Site "?"]
[Date "2000.02.10"]
[Round "1"]
[White "Fischbach, Harald"]
[Black "Meijers, Johannes"]
[Result "1-0"]
[WhiteElo "2183"]
[BlackElo "1450"]
[PlyCount "65"]

1. e4 c5 2. Nf3 Nc6 3. d4 cxd4 4. Nxd4 Nf6 5. Nc3 e5 6. Ndb5 d6 7. Bg5 a6 8.
Na3 b5 9. Bxf6 gxf6 10. Nd5 f5 11. exf5 Bxf5 12. c3 h5 13. Qf3 Bd7 14. Nf6+ Ke7
15. Nc2 Rc8 16. Nxh5 f5 17. g4 e4 18. Qf4 Kf7 19. Ng3 Ne5 20. Nxf5 Qf6 21. Nce3
Rxc3 22. Nxd6+ Bxd6 23. Qxf6+ Kxf6 24. bxc3 Nf3+ 25. Kd1 Be5 26. Rc1 Be6 27.
Rc2 Rd8+ 28. Kc1 Bd6 29. Bg2 Ba3+ 30. Kb1 Nd2+ 31. Ka1 Ke5 32. Rd1 Nb3+ 33.
axb3 1-0

[Event "2.Nord-West-Cup"]
[Site "?"]
[Date "2000.02.11"]
[Round "3"]
[White "Fischbach, Harald"]
[Black "Wind, Michael"]
[Result "0-1"]
[WhiteElo "2183"]
[BlackElo "1640"]
[PlyCount "40"]

1. e4 c6 2. d4 d5 3. exd5 cxd5 4. c4 Nf6 5. Nc3 e6 6. c5 Be7 7. Nf3 O-O 8. Bd3
b6 9. cxb6 Qxb6 10. O-O Ba6 11. Na4 Qc7 12. Bg5 Bxd3 13. Qxd3 Nbd7 14. Rfc1 Qb7
15. Ne5 Nxe5 16. dxe5 Ng4 17. Bf4 Qb4 18. Qg3 Nxf2 19. Kxf2 Qxa4 20. Bh6 Bh4
0-1

[Event "2.Nord-West-Cup"]
[Site "?"]
[Date "2000.02.12"]
[Round "5"]
[White "Fischbach, Harald"]
[Black "Herrmann, Lutz"]
[Result "1-0"]
[WhiteElo "2183"]
[BlackElo "1765"]
[PlyCount "61"]

1. e4 e6 2. d3 d5 3. Nd2 Nf6 4. Ngf3 c5 5. g3 b6 6. Bg2 Bb7 7. e5 Nfd7 8. O-O
Nc6 9. Re1 Qc7 10. Qe2 Nb4 11. Nf1 c4 12. d4 c3 13. b3 Ba6 14. Qd1 b5 15. Be3
Bb7 16. a3 Nc6 17. Ng5 b4 18. Qh5 g6 19. Qh3 Be7 20. Qh6 Bf8 21. Qh4 bxa3 22.
Bxd5 Nd8 23. Bxb7 Qxb7 24. Ne4 Be7 25. Bg5 Bxg5 26. Qxg5 O-O 27. Rxa3 Qd5 28.
Qe7 Kg7 29. Nxc3 Qxd4 30. Nb5 Nc6 31. Qxf8+ 1-0

[Event "2.Nord-West-Cup"]
[Site "?"]
[Date "2000.02.13"]
[Round "7"]
[White "Fischbach, Harald"]
[Black "Eickhoff, Hermann"]
[Result "0-1"]
[WhiteElo "2183"]
[BlackElo "2159"]
[PlyCount "79"]

1. e4 c5 2. Nf3 d6 3. d4 cxd4 4. Nxd4 Nf6 5. Nc3 Nc6 6. Be2 e6 7. Be3 Be7 8.
O-O O-O 9. f4 Qc7 10. Kh1 a6 11. a4 e5 12. Nb3 Na5 13. Nxa5 Qxa5 14. Qe1 Qc7
15. Qg3 Kh8 16. a5 Bd7 17. Bb6 Qb8 18. fxe5 dxe5 19. Nd5 Nxd5 20. exd5 Bd6 21.
c4 e4 22. Qh4 f5 23. c5 Be5 24. Rab1 Qe8 25. b4 Rf6 26. Bh5 Qf8 27. Qg5 Rh6 28.
g4 Bf6 29. Qe3 fxg4 30. c6 bxc6 31. Bc5 Qb8 32. Qxh6 gxh6 33. Rxf6 Qe5 34. Rbf1
Qxh5 35. Rf7 Qxd5 36. Be3 Be6 37. R7f6 Qe5 38. R6f4 Kg7 39. Rd1 Kg6 40. Rg1 0-1

[Event "2.Nord-West-Cup"]
[Site "?"]
[Date "2000.02.11"]
[Round "2"]
[White "Fischer, Steffen"]
[Black "Opalka, Stefan"]
[Result "0-1"]
[WhiteElo "1254"]
[BlackElo "1784"]
[PlyCount "42"]

1. e4 c5 2. Nf3 Nc6 3. d4 cxd4 4. Nxd4 Nf6 5. Nc3 g6 6. Be3 Bg7 7. Qd2 O-O 8.
O-O-O a6 9. Nxc6 bxc6 10. Bh6 d6 11. Bxg7 Kxg7 12. e5 Ne8 13. h4 h5 14. Be2 Qa5
15. Bxh5 Qxe5 16. Bf3 d5 17. Rde1 Qf6 18. Ne2 Nd6 19. Qd4 e5 20. Qc3 e4 21.
Qxc6 Bb7 0-1

[Event "2.Nord-West-Cup"]
[Site "?"]
[Date "2000.02.12"]
[Round "4"]
[White "Fischer, Steffen"]
[Black "Mursajew, Anatoli"]
[Result "0-1"]
[WhiteElo "1254"]
[BlackElo "1601"]
[PlyCount "76"]

1. e4 c5 2. Nf3 Nc6 3. d4 cxd4 4. Nxd4 e6 5. Bc4 Nf6 6. Bg5 Qa5+ 7. Bd2 Qe5 8.
Be3 Qxe4 9. O-O Nxd4 10. Bxd4 Qc6 11. Qd3 Be7 12. Nc3 a6 13. Qe2 b5 14. Bd3 Bb7
15. f3 Qc8 16. Ne4 Nxe4 17. fxe4 Bc5 18. c3 O-O 19. Qh5 Bxd4+ 20. cxd4 Qd8 21.
e5 h6 22. h4 d6 23. Rad1 dxe5 24. dxe5 Qd4+ 25. Rf2 Qe3 26. Kf1 Rad8 27. Re2
Qg3 28. Red2 Rd5 29. Qf3 Qxf3+ 30. gxf3 Rxe5 31. Kf2 Rc5 32. Rg1 f5 33. f4 e5
34. b4 Rd5 35. Rgd1 Kh8 36. fxe5 Rxe5 37. Rc2 Be4 38. Bxe4 Rxe4 0-1

[Event "2.Nord-West-Cup"]
[Site "?"]
[Date "2000.02.13"]
[Round "6"]
[White "Fischer, Steffen"]
[Black "Weller, Friedhelm"]
[Result "1/2-1/2"]
[WhiteElo "1254"]
[BlackElo "1782"]
[PlyCount "149"]

1. e4 c5 2. c3 e6 3. Nf3 Nc6 4. d4 Qb6 5. Na3 cxd4 6. Nc4 Qc7 7. cxd4 d5 8.
exd5 exd5 9. Nce5 Be7 10. Be2 Nf6 11. O-O O-O 12. Bf4 Qb6 13. b3 Nh5 14. Nxc6
bxc6 15. Be3 Bd6 16. Qd2 Re8 17. Rfe1 Nf6 18. Qc2 Bb7 19. Bd3 h6 20. Rac1 Ne4
21. Ne5 Nf6 22. Re2 Rac8 23. Qb1 Rc7 24. Rec2 Ba3 25. Re1 Qb4 26. Nf3 Rce7 27.
Rce2 Qb6 28. Qc2 a6 29. Ne5 Bd6 30. Rc1 Rc8 31. Qd2 Bb4 32. Qc2 Qd8 33. Bf5
Rcc7 34. Bf4 Bd6 35. Rce1 Qe8 36. Bg3 Nh5 37. Bh7+ Kh8 38. Ng6+ fxg6 39. Bxg6
Qd8 40. Bxd6 Qxd6 41. Bxh5 Rxe2 42. Qxe2 Rc8 43. Bg4 Rf8 44. Qe5 Qxe5 45. Rxe5
Rf7 46. g3 Rc7 47. b4 g6 48. Be2 Kg7 49. f4 Bc8 50. Kf2 Kf6 51. Bd3 Ra7 52. Re8
Be6 53. Bxg6 a5 54. Bb1 axb4 55. Rb8 Ra4 56. Rh8 b3 57. axb3 Rxd4 58. Rxh6+ Ke7
59. Ke2 Rb4 60. Bc2 Bg4+ 61. Ke3 c5 62. h3 Be6 63. f5 d4+ 64. Kd2 Bxb3 65. Rc6
Bxc2 66. Kxc2 c4 67. f6+ Kf7 68. h4 Ra4 69. Kb2 c3+ 70. Kc2 Ra2+ 71. Kc1 Rg2
72. Rd6 Rd2 73. g4 d3 74. g5 Rc2+ 75. Kd1 1/2-1/2

[Event "2.Nord-West-Cup"]
[Site "?"]
[Date "2000.02.13"]
[Round "7"]
[White "Fischer, Steffen"]
[Black "Ungar, Benedict"]
[Result "0-1"]
[WhiteElo "1254"]
[BlackElo "1615"]
[PlyCount "40"]

1. e4 Nc6 2. Nf3 d6 3. d4 e5 4. dxe5 Bg4 5. exd6 Bxd6 6. Nc3 Nf6 7. Bb5 O-O 8.
Bxc6 bxc6 9. O-O Qe7 10. Bg5 Rad8 11. Qe2 h6 12. Bxf6 Qxf6 13. e5 Bxf3 14. exf6
Bxe2 15. fxg7 Rfe8 16. Rfe1 Bh5 17. Ne4 Kxg7 18. Re3 Bg6 19. Rae1 Bf4 20. Rf3
Rxe4 0-1

[Event "2.Nord-West-Cup"]
[Site "?"]
[Date "2000.02.11"]
[Round "2"]
[White "Fleischer, Uwe"]
[Black "Hermann, Manfred"]
[Result "0-1"]
[WhiteElo "2088"]
[BlackElo "2357"]
[PlyCount "92"]

1. d4 d5 2. Nf3 c6 3. g3 Bf5 4. Bg2 Nf6 5. O-O e6 6. Nbd2 Nbd7 7. c4 Be7 8. b3
Ne4 9. Bb2 O-O 10. Nxe4 Bxe4 11. Qd2 a5 12. Ne1 Bxg2 13. Nxg2 a4 14. Qd3 Bf6
15. Bc3 Qc7 16. Rfc1 Rfd8 17. cxd5 exd5 18. e3 g6 19. Nf4 Re8 20. Qd2 Bg5 21.
Nd3 Nf6 22. Qd1 axb3 23. axb3 Ne4 24. Rxa8 Rxa8 25. Ra1 Re8 26. Be1 h5 27. h4
Be7 28. Qc2 Qc8 29. Kg2 Bf6 30. f3 Nd6 31. Bf2 Nf5 32. Re1 Qd8 33. Qd2 Nd6 34.
Qb4 Qc7 35. Nf4 Nf5 36. Qc3 Qb8 37. Qc2 Bxd4 38. Nxh5 Nxe3+ 39. Bxe3 Rxe3 40.
Rxe3 Bxe3 41. Qd3 Qe5 42. Nf6+ Qxf6 43. Qxe3 Qe6 44. Qf4 Kg7 45. Kf2 c5 46. h5
d4 0-1

[Event "2.Nord-West-Cup"]
[Site "?"]
[Date "2000.02.12"]
[Round "5"]
[White "Fleischer, Uwe"]
[Black "Langheinrich, Ferenc"]
[Result "1-0"]
[WhiteElo "2088"]
[BlackElo "2325"]
[PlyCount "189"]

1. d4 Nf6 2. c4 g6 3. Nc3 Bg7 4. e4 d6 5. f3 O-O 6. Be3 a6 7. Qd2 Nbd7 8. g4 c6
9. h4 e5 10. h5 b5 11. d5 cxd5 12. Nxd5 Nxd5 13. cxd5 Nc5 14. hxg6 fxg6 15. Qh2
Kf7 16. Bh6 Rg8 17. Bd2 Bd7 18. Qh4 Qxh4+ 19. Rxh4 Rh8 20. b4 Na4 21. Rc1 Rac8
22. Rxc8 Bxc8 23. g5 Bd7 24. Bd3 Nb2 25. Bb1 Nc4 26. Bc1 Rc8 27. Rxh7 a5 28.
bxa5 Nxa5 29. Ne2 b4 30. Bd2 Nc4 31. Bxb4 Rb8 32. a3 Nxa3 33. Bxa3 Rxb1+ 34.
Kd2 Kg8 35. Rxg7+ Kxg7 36. Bxd6 Kf7 37. Bxe5 Rf1 38. Nd4 Ba4 39. Ke2 Ra1 40.
Bf6 Ra3 41. e5 Ke8 42. e6 Rc3 43. d6 Ra3 44. f4 Bd7 45. exd7+ Kxd7 46. Be5 Rh3
47. Nf3 Rh1 48. Kf2 Ke6 49. Nd4+ Kd7 50. Ke3 Re1+ 51. Kd3 Rd1+ 52. Ke4 Re1+ 53.
Kf3 Rf1+ 54. Kg2 Rb1 55. Nf3 Ke6 56. Nh4 Kf7 57. f5 gxf5 58. g6+ Ke6 59. g7 Rb8
60. Nf3 Rg8 61. Kg3 Rxg7+ 62. Bxg7 Kxd6 63. Kf4 Ke6 64. Nd4+ Kd5 65. Kxf5 Kc4
66. Ke4 Kc3 67. Ne6+ Kc4 68. Bd4 Kb5 69. Kd5 Kb4 70. Nc5 Kb5 71. Nd3 Ka6 72.
Kc6 Ka5 73. Kc5 Ka6 74. Be5 Ka5 75. Bc7+ Ka6 76. Kc6 Ka7 77. Nc5 Ka8 78. Nd7
Ka7 79. Nb6 Ka6 80. Bb8 Ka5 81. Nd5 Ka4 82. Kc5 Kb3 83. Nb4 Kc3 84. Bf4 Kb3 85.
Bd2 Ka4 86. Kc4 Ka5 87. Be3 Ka4 88. Bb6 Ka3 89. Nd3 Ka4 90. Nb2+ Ka3 91. Kc3
Ka2 92. Kc2 Ka3 93. Bc5+ Ka2 94. Nd3 Ka1 95. Bd6 1-0

[Event "2.Nord-West-Cup"]
[Site "?"]
[Date "2000.02.13"]
[Round "6"]
[White "Fleischer, Uwe"]
[Black "Jugelt, Tobias"]
[Result "0-1"]
[WhiteElo "2088"]
[BlackElo "2386"]
[PlyCount "74"]

1. d4 Nf6 2. c4 e6 3. Nf3 Bb4+ 4. Nbd2 O-O 5. g3 a5 6. Bg2 d6 7. O-O Bxd2 8.
Bxd2 Qe7 9. Qc2 e5 10. d5 e4 11. Nd4 Re8 12. Bg5 Na6 13. f3 Qe5 14. Bxf6 Qxf6
15. Rad1 exf3 16. exf3 Bd7 17. Qd2 Nc5 18. b3 h5 19. h4 g6 20. Rfe1 Re5 21. f4
Rxe1+ 22. Rxe1 Re8 23. Rxe8+ Bxe8 24. Qe3 Bd7 25. Kf2 Kf8 26. Ke2 Bf5 27. Bf3
Bb1 28. a3 Ba2 29. Kf2 a4 30. b4 Nd7 31. Nb5 Bxc4 32. Be2 Bxb5 33. Bxb5 Qb2+
34. Kf3 Nf6 35. Bxa4 Ng4 36. Qe8+ Kg7 37. Qa8 Qf2+ 0-1